书目信息 |
| 题名: |
太阳能利用技术
|
|
| 作者: | 王雅君 , 李宇明 主编 | |
| 分册: | ||
| 出版信息: | 北京 中国石化出版社 2024 |
|
| 页数: | 188页 | |
| 开本: | 24cm | |
| 丛书名: | 普通高等教育“十四五”规划教材 | |
| 单 册: | ||
| 中图分类: | TK519 | |
| 科图分类: | ||
| 主题词: | 太阳能利用--高等教育--教材 | |
| 电子资源: | ||
| ISBN: | 978-7-5114-7288-5 | |
| 000 | 01009nam0 2200277 450 | |
| 001 | 012948271 | |
| 005 | 20240529161252.0 | |
| 010 | @a978-7-5114-7288-5@dCNY48.00 | |
| 100 | @a20240529d2024 em y0chiy0120 ea | |
| 101 | 0 | @achi |
| 102 | @aCN@b110000 | |
| 105 | @aa z 000yy | |
| 106 | @ar | |
| 200 | 1 | @a太阳能利用技术@9tai yang neng li yong ji shu@f王雅君,李宇明主编 |
| 210 | @a北京@c中国石化出版社@d2024 | |
| 215 | @a188页@c图@d24cm | |
| 225 | @a普通高等教育“十四五”规划教材 | |
| 300 | @a普通高等教育“十四五”规划教材 | |
| 330 | @a本书共5章,对光-电转换利用技术和光化学转换技术的基本理论、基本知识、相关材料的制备及表征等内容进行了介绍,内容涵盖能源及太阳能概述、半导体物理基础、光伏发电原理、太阳能电池材料、光催化材料的制备及应用、光电催化材料制备及应用等。 | |
| 586 | @a | |
| 606 | 0 | @a太阳能利用@x高等教育@j教材 |
| 690 | @aTK519@v5 | |
| 701 | 0 | @a王雅君@9wang ya jun@4主编 |
| 701 | 0 | @a李宇明@9li yu ming@4主编 |
| 801 | 0 | @aCN@c20240602 |
| 905 | @dTK519@eW412@f2@sTK519/W412@S@Z | |
| 太阳能利用技术/王雅君,李宇明主编.-北京:中国石化出版社,2024 |
| 188页:图;24cm.-(普通高等教育“十四五”规划教材) |
| 普通高等教育“十四五”规划教材 |
| ISBN 978-7-5114-7288-5:CNY48.00 |
| 本书共5章,对光-电转换利用技术和光化学转换技术的基本理论、基本知识、相关材料的制备及表征等内容进行了介绍,内容涵盖能源及太阳能概述、半导体物理基础、光伏发电原理、太阳能电池材料、光催化材料的制备及应用、光电催化材料制备及应用等。 |
| ● |
| 相关链接 |
|
|
|
正题名:太阳能利用技术
索取号:TK519/W412
 
预约/预借
| 序号 | 登录号 | 条形码 | 馆藏地/架位号 | 状态 | 备注 |
| 1 | 21618535 | 216185358 | 自科库501/501自科库 136排7列3层/ [索取号:TK519/W412] | 在馆 | |
| 2 | 21618536 | 216185367 | 自科库501/501自科库 136排7列3层/ [索取号:TK519/W412] | 在馆 |